BIBLIOTHÈQUE DE LA MAISON DU MEXIQUE

Logo 1 Logo 2

El teatro de T.S. Eliot (notice nᵒ 849)

détails MARC
000 -Sello discográfico
campo de control de longitud fija 01027nam a2200337 4500
005 - Identificación de versión
campo de control 20251016082446.0
035 ## - Otros números de control del sistema
Número de control del sistema 5771
099 ## - fechas locales
Tipo de ítem Koha LIBRO
100 ## - Datos de procesamiento general
Datos de procesamiento general 19960716d1971 m y1spay5003 ba
101 ## - Idioma del recurso
Idioma del texto, banda sonora, etc. Español; Castellano
Idioma de la obra original Inglés
105 ## - Campo de datos codificados: Material textual, monográfico
Datos codificados de monografía y 001zy
200 1# - Título y mención de responsabilidad
Título propio El teatro de T.S. Eliot
Designación general del material texto impreso
Primer mención de responsabilidad Franz Kuna
Declaración de responsabilidad subsiguiente traducción Juan José Utrilla
205 ## - Declaración de edición
Declaración de edición 1a ed
210 ## - Publicación, distribución, etc.
Lugar de publicación, distribución, etc. México
Nombre del editor, distribuidor, etc. Fondo de Cultura Económica
Fecha de publicación, distribución, etc. 1971
215 ## - Descripción física
Designación de material específico y extensión del ítem 157 p
Dimensiones 17 cm
300 ## - Notas generales
Texto de la nota Incluye bibliografía
345 ## - Nota de información de adquisición
Fuente de adquisición/dirección de la suscripción [OBSOLETO] Donación
410 #1 - Series
Título Breviarios del Fondo de Cultura Económica
Número de volumen 219
454 #1 - Traducción de
Título T.S. Eliot
600 ## - Nombre personal usado como materia
Elemento de entrada Eliot
Parte del nombre distinta del elemento de entrada Thomas Stearns
Fechas 1888-1965
Subdivisión temática Crítica e interpretación
Número Koha 2307
660 ## - Código de área geográfica
Código MX
700 ## - Nombre personal - Responsabilidad primaria
Elemento de entrada Kuna
Parte del nombre distinta del elemento de entrada Franz
Fechas 1933-2010
Número Koha 2308
702 ## - Nombre personal - Responsabilidad secundaria
Elemento de entrada Utrilla
Parte del nombre distinta del elemento de entrada Juan José
Fechas 1932-
Número Koha 2309
801 #0 - Fuente de origen
Agencia cm
900 ## -
-- 1/12495
900 ## -
-- 710961988\\160796
942 ## - ELEMENTOS DE ENTRADA SECUNDARIOS (KOHA)
Tipo de ítem Koha Livre
996 ## -
-- MEX
-- 751145101
-- MMAG
-- 004701
-- 082.1 B846 V.219
-- 20210427LIV
Exemplaires
Estatus retirado Estado de daño Estado de pérdida Fecha de adquisición Biblioteca de origen Biblioteca actual Ubicación en estantería Código de barras Precio de reemplazo Signatura topográfica completa No para préstamo Tipo de ítem Koha Nota pública Nota no pública
      05/08/2025 Casa México Paris Casa México Paris   004701 05/08/2025 082.1 B846 V.219   Livre 20210427LIV 751145101